000 00385nam a2200145 a 4500
005 20140310183355.0
008 120918s19uu xx 00 eng d
020 _a9710545035
100 _aOng, Bob
245 _aAng mga kaibigan ni Mama Susan. /
_cBob Ong.
260 _aPasay City Philippines :
_bVisprint,
_c2010.
300 _a127 p.
500 _aNovel. In Tagalog.
942 _cBK
999 _c22215
_d22215